000 01546nam a22003017a 4500
001 6344
003 FISKH
005 20250423101339.0
008 250423b cb ||||| |||| 00| 0 eng d
020 _a9781848797291
040 _aFISKH
_beng
_cFISKH
_dFISKH
050 _aPZ7
082 _a813.6
100 _aBarnes, Zoe
245 _aThe bouncing king /
_cIllustrated by Yannick Robert
250 _aThis edition first published in 2010
260 _aHertfortshire :
_bCastle Street Press,
_c2006.
300 _a30 pages :
_bcolor illustrations ;
_c23 cm
490 _aReady to read :
_vlevel 1
504 _aG
520 _aThe story follows Katie, a woman navigating the ups and downs of life after divorce. When her marriage collapses, Katie finds herself re-evaluating everything: her career, her social circle, and especially her love life. She’s not looking for love, but then along comes Alex, the charismatic and slightly mysterious "Bouncing King"—a children's party entertainer who literally bounces his way into her world. As Katie gets to know Alex, her world starts to shake in unexpected ways. He's fun, unconventional, and nothing like the safe, dependable type she thought she needed. But is he too much of a wild card for someone who's just beginning to piece her life back together?
521 8 _a370
_bLexile
521 8 _aG
_bRaz-Plus
650 _aAdventure
_vChildren's Literature
_xFun
_yFriendship
700 _aRobert, Yannick
_dIllustrator
942 _2ddc
_cBK
_n0
999 _c6344
_d6344